Loreto College Library, Kolkata
WEBOPAC (ONLINE PUBLIC ACCESS CATALOGUE)

Swami Vivekananda, (Record no. 9181)

MARC details
000 -LEADER
fixed length control field 00513nam a2200205Ia 4500
005 - DATE AND TIME OF LATEST TRANSACTION
control field 20240301110901.0
008 - FIXED-LENGTH DATA ELEMENTS--GENERAL INFORMATION
fixed length control field 131103s9999 xx 000 0 und d
040 ## - CATALOGING SOURCE
Original cataloging agency Loreto College
041 ## - LANGUAGE CODE
Language code English
082 ## - DDC | ডিউই
Classification number | বর্গসংখ্যা 370.954
Book Number | গ্রন্থাঙ্ক VIV
100 ## - MAIN ENTRY--PERSONAL NAME | মুখ্য সংলেখ - ব্যাক্তিনাম
Personal name | ব্যাক্তিনাম Swami Jitatmananda
245 ## - TITLE STATEMENT | অাখ্যা বিবরণী
Title | অাখ্যা Swami Vivekananda,
Statement of responsibility | লেখকের দায়িত্বের বিবরণ Swami Jitatmananda
260 ## - IMPRINT | প্রকাশনা ক্ষেত্র
Place of publication | প্রকাশ স্থান Madras
Name of publisher | প্রকাশকের নাম Sri Ramkrishna Math
Date of publication | প্রকাশ কাল [?]
300 ## - PHYSICAL DESCRIPTION |
Page / Vol. No | পৃষ্ঠা / খন্ড সংখ্যা 190 p.
504 ## - BIBLIOGRAPHY, ETC. NOTE
Bibliography, etc Includes references
650 ## - SUBJECT ADDED ENTRY--TOPICAL TERM | বিষয় শিরোনাম - মূল বিষয়
Topical term | মূল বিষয় Education
651 ## - SUBJECT ADDED ENTRY--GEOGRAPHIC NAME | বিষয় শিরোনাম - ভৌগলিক নাম
Geographic name | ভৌগলিক বিষয় India
850 ## - HOLDING INSTITUTION
Holding institution LCLIB
942 ## - ADDED ENTRY ELEMENTS (KOHA)
Koha item type Books
Holdings
Withdrawn status Lost status Source of classification Damaged status Not for loan Home library Current library Date acquired Total Checkouts Full call number Accession No. Date last seen Price effective from Koha item type Coded location qualifier
    Dewey Decimal Classification     Loreto College Loreto College 04/11/2013   370.954 VIV 36693 B9057 04/11/2013 04/11/2013 Books